Costa Rica: la reafirmación del bipartidismo /
Inscritas en la larga serie de esas 11 elecciones que, de manera regular e ininterrumpida, han tenido lugar en Costa Rica, las celebradas el 6 de febrero de 1994, bien pueden ser consideradas, a la luz de la útil y ya clásica conceptualización desarrollada por la Escuela de Michigan, como un claro e...
में बचाया:
| मुख्य लेखक: | |
|---|---|
| स्वरूप: | मूलपाठ |
| विषय: | |
| टैग: |
टैग जोड़ें
कोई टैग नहीं, इस रिकॉर्ड को टैग करने वाले पहले व्यक्ति बनें!
|
MARC
| LEADER | 00000 a a2200000 04500 | ||
|---|---|---|---|
| 001 | 10474 | ||
| 003 | |||
| 040 | |||
| 100 | |a Fernández González, Oscar | ||
| 245 | |a Costa Rica: |b la reafirmación del bipartidismo / |c Oscar Fernández González | ||
| 520 | |a Inscritas en la larga serie de esas 11 elecciones que, de manera regular e ininterrumpida, han tenido lugar en Costa Rica, las celebradas el 6 de febrero de 1994, bien pueden ser consideradas, a la luz de la útil y ya clásica conceptualización desarrollada por la Escuela de Michigan, como un claro ejemplo de lo que Campbell y sus colegas denominaban maintaining elections, elecciones normales o de continuidad. A diferencia de las deviating eléctions, que expresarían en sus resultados el peso decisivo pero efímero de factores de orden coyuntural, o de las realigning elections que sentarían las bases durables de una nueva configuración de las lealtades partidarias en el campo electoral, las elecciones normales, o de continuidad, se sustentarían en la existencia y expresión de lealtades partidarias visiblemente consolidadas que como fuerzas de largo plazo, se impondrían a los factores circunstanciales o de atracción que estarían pesando sobre los votantes en una determinada contienda electoral. REV//jmml | ||
| 650 | |a SISTEMAS POLITICOS | ||
| 650 | |a PARTIDOS POLITICOS | ||
| 650 | |a GOBIERNO | ||
| 650 | |a ELECCIONES | ||
| 650 | |a PARTICIPACION POLITICA | ||
| 650 | |a POLITICA | ||
| 650 | |a DEMOCRACIA | ||
| 650 | |a ESTABILIDAD POLITICA | ||
| 773 | |g número 131; páginas 4-9 | ||
| 999 | |c 31825 |d 31825 | ||
